Bahnhöfe in Rostock - Statistiken

Allgemein
  • Dieses Quiz wurde 47 mal gespielt
  • Das Durchschnittsergebnis liegt bei 9 aus 13
Antwortstatistiken
Antwort % Korrekt
Hauptbahnhof
100%
Warnemünde
95%
Lütten Klein
88%
Parkstraße
83%
Warnemünde Werft
83%
Holbeinplatz
80%
Evershagen
78%
Lichtenhagen
78%
Bramow
75%
Marienehe
75%
Thierfelder Straße
43%
Kassebohm
33%
Torfbrücke
20%
Keine übereinstimmenden Quizze gefunden
Verteilung der Resultate
Anzahl Personen mit jedem Resultat
Perzentil nach korrekt beantworteten Fragen
Ihre Resultats-Entwicklung
Sie haben dieses Quiz noch nicht gespielt